00715nam a2200217Ia 4500003000900000008004100009020001800050040001600068080001900084100002500103245004700128260004500175300001500220650002800235650002800263650002700291650002800318942000700346999001700353952012700370IN-BaIIA211028s9999 xx 000 0 eng d a0-91-565457-9 cIIA Library a031:615.8bUDW aUdwadia, F. E926849 0aMan and medicineba historycF. E. Udwadia aNew DelhibOxford University Pressc2000 axvi, 496p. aArchaic Medicine926850 aChinese Medicine926851 aIndian Medicine926852 aWestern Medicine926853 cBK c14879d14879 00104070aBANbBANcGENd2002-12-31g1350.00l0o031:615.8/ UDWp15801r2021-11-05v1350.00w2002-12-31yBKGRs. 1350.00